|
|
|
|
| LEADER |
01735nam a2200397 a 4500 |
| 001 |
EBC1469456 |
| 003 |
MiAaPQ |
| 005 |
20200520144314.0 |
| 006 |
m o d | |
| 007 |
cr cn||||||||| |
| 008 |
130503s2013 njuad sb 001 0 eng d |
| 010 |
|
|
|z 2013017384
|
| 020 |
|
|
|z 9781118482438 (hardcover)
|
| 020 |
|
|
|a 9781118746240 (electronic bk.)
|
| 035 |
|
|
|a (MiAaPQ)EBC1469456
|
| 035 |
|
|
|a (Au-PeEL)EBL1469456
|
| 035 |
|
|
|a (CaPaEBR)ebr10748691
|
| 035 |
|
|
|a (CaONFJC)MIL511774
|
| 035 |
|
|
|a (OCoLC)842323324
|
| 040 |
|
|
|a MiAaPQ
|c MiAaPQ
|d MiAaPQ
|
| 050 |
|
4 |
|a HD69.P75
|b R3893 2013
|
| 082 |
0 |
4 |
|a 658.4/04
|2 23
|
| 100 |
1 |
|
|a Raydugin, Yuri,
|d 1960-
|
| 245 |
1 |
0 |
|a Project risk management
|h [electronic resource] :
|b essential methods for project teams and decision makers /
|c Yuri Raydugin.
|
| 260 |
|
|
|a Hoboken :
|b Wiley,
|c 2013.
|
| 300 |
|
|
|a xxix, 362 p. :
|b ill.
|
| 490 |
1 |
|
|a Wiley corporate F&A series
|
| 504 |
|
|
|a Includes bibliographical references and index.
|
| 505 |
0 |
|
|a Foreword -- Preface -- Acknowledgments -- Fundamental uncertainty of a project outcome -- Nature of project uncertainties -- Main components of a risk management system -- Adequacy of methods to assess project uncertainties -- Deterministic methods -- Uncertainty identification -- About the author -- Index.
|
| 533 |
|
|
|a Electronic reproduction. Ann Arbor, MI : ProQuest, 2015. Available via World Wide Web. Access may be limited to ProQuest affiliated libraries.
|
| 650 |
|
0 |
|a Project management.
|
| 650 |
|
0 |
|a Risk management.
|
| 655 |
|
4 |
|a Electronic books.
|
| 710 |
2 |
|
|a ProQuest (Firm)
|
| 830 |
|
0 |
|a Wiley corporate F & A.
|
| 856 |
4 |
0 |
|u https://ebookcentral.proquest.com/lib/matrademy/detail.action?docID=1469456
|z Click to View
|